Yolculuk için teşekkürler (Record no. 5104)

MARC details
000 -BAŞLIK
Sabit Uzunlukta Kontrol Alanı 01051na a2200313 4500
001 - KONTROL NUMARASI
Denetim Alanı 13799
003 - KONTROL NUMARASI IDENTIFIER
Denetim Alanı MIRAKIL
005 - SON İŞLEM TARİHİ VE ZAMANI
Denetim Alanı 20181213155027.0
008 - SABİT-BOY VERİ ELEMANLARI - GENEL BİLGİLER
Sabit Uzunlukta Kontrol Alanı 161003b tu 000 0
020 ## - ULUSLARARASI STANDART KİTAP NUMARASI
Uluslararası Standart Kitap Numarası 9786051051048
035 ## - SİSTEM KONTROL NUMARASI
Sistem Kontrol Numarası 13799
040 ## - KATALOGLAMA KAYNAK
Orijinal Kataloglama Ajansı Milas
Kataloglama Dili tur
Metne Dönüştürmek Ajansı TR-AnCHP
041 ## - DİL KODU
Metin / Ses Parça Veya Ayrı Başlığın Dil Kodu tur
082 ## - DEWEY ONLU SINIFLANDIRMA NUMARASI
Sınıflandırma Numarası 922.96 Eskenazi,V.
Ürün Numarası E74y 2012
090 ## - SINIFLAMA NUMARASI
Sınıflama Numarası 922.96 Eskenazi,V. E74y 2012
100 ## - ANA GİRİŞ - KİŞİSEL İSİM
Kişisel Ad Eskenazi, Victor
245 ## - BAŞLIK TABLOSU
Başlık Yolculuk için teşekkürler
Başlığın Kalan Bir İstanbul musevisinin anıları: 1906-1981
Sorumluluk Tablosu, Vb Victor Eskenazi ; çeviren Tunç Tayanç
246 ## - UNVAN FORM VARYING
Başlık Doğru / Kısa Başlığı Bir İstanbul musevisinin anıları: 1906-1981
260 ## - YAYIN, DAĞITIM, VB
Yayın, Dağıtım, Vb Yeri İstanbul
Yayıncı, Dağıtıcı, Vs Adı Kitap Yayınevi
Yayın, Dağıtım, Vb Tarihi 2012
300 ## - FİZİKSEL TANIM
Kapsam 141 s.
Boyutlar 21 sm.
440 ## - SERİSİ TABLOSU / KATMA GİRİŞİ - BAŞLIK
Başlık Kitap Yayınevi
Hacim / Ardışık Tanımı 272
490 ## - SERİSİ TABLOSU
Seri Beyanı Anı ve yaşam dizisi
Hacim / Ardışık Tanımı 22
500 ## - GENEL NOT
Genel Not Özgün yapıt adı : Grazie per la gita in calesse
600 ## - KONU KATMA GİRİŞ - KURUMSAL ADI
Kişisel Ad Eskenazi, Victor
Bir Adıyla İlişkilendirilen Tarihler 1906-1981
Genel Alt Bölümü Anılar
650 ## - KONU KATMA GİRİŞ - TOPİKAL DÖNEM
Topikal Süreli Veya Coğrafi Ad Giriş Elemanı Yahudiler
Genel Alt Bölümü Yaşamöyküsü
Coğrafi Alt Bölümü Türkiye
-- İstanbul
650 ## - KONU KATMA GİRİŞ - TOPİKAL DÖNEM
Topikal Süreli Veya Coğrafi Ad Giriş Elemanı İstanbul musevileri
Genel Alt Bölümü Anılar
700 ## - KATMA GİRİŞ - KİŞİSEL İSİM
Kişisel Ad Tayanç, Tunç
942 ## - EKLENDİ GİRİŞ ELEMANLARI (KOHA)
Sınıflandırma Veya Raf Düzeni Kaynak Dewey Decimal Classification
Koha Öğesi Türü Books
999 ## - SİSTEM KONTROL NUMARALARI (KOHA)
Koha Biblionumber 5104
Koha Biblioitemnumber 5104
Holdings
Kalıcı Konum Mevcut Konum Edinme Tarihi Edinim Kaynak Toplam Check-Out'Lar Tam Çağrı Numarası Barkod Tarih Son Görülme İtibaren Geçerli Fiyatlar Koha Öğesi Türü
CHP Kütüphanesi CHP Kütüphanesi 08/17/2016 Bağış   922.96 Eskenazi,V. E74y 2012 001336 08/17/2016 08/17/2016 Books